00301nam a2200109Ia 4500008004100000020001800041082001500059100001800074245006100092260002900153300000900182210430s9999 xx 000 0 und d a9780195798012 a327 A516 P aShahid M.Amin aPakistan's Foreign Policy A reappraisal /cShahid M.Amin aUSAbShahid M.Aminc2007 a327P